ბათუმის შოთა რუსთაველის სახელმწიფო უნივერსიტეტის ბიბლიოთეკა

დიდი ზამთარი : (ბიბ.ჩანაწერი № 40810)

000 -ლიდერი
ფიქსირებული სიგრძის საკონტროლო ველი 01036nam a2200229Ia 4500
001 - საკონტროლო ნომერი
საკონტროლო ველი 7450
003 - საკონტროლო ნომრის იდენტიფიკატორი
საკონტროლო ველი GE_BSU
005 - ბოლო ოპერაციის თარიღი და დრო
საკონტროლო ველი 20231212151947.0
008 - ფიქსირებული სიგრძის მონაცემთა ელემენტები - ზოგადი ინფორმაცია
ფიქსირებული სიგრძის საკონტროლო ველი 181216s1976||||ge |||||||||||||| ||geo||
040 ## - კატალოგიზაციის წყარო
Transcribing agency GE_BSU
041 ## - ენის კოდი
Language code of text/sound track or separate title geo
080 ## - უნივერსალური ათობითი კლასიფიკაციის ინდექსი
Universal Decimal Classification number 821.353.1-32 დ-34
100 ## - მთავარი ჩანაწერი - პიროვნების სახელი
Personal name დემურხანაშვილი, სოლომონ
9 (RLIN) 20671
245 ## - ცნობა სათაურის შესახებ
Title დიდი ზამთარი :
Remainder of title მოთხრობები /
Statement of responsibility, etc სოლომონ დემურხანაშვილი ; რედ. ნ. კანდელაკი ; მხატვ. ო. ჩხარტიშვილი.
264 ## - წარმოების, გამოცემის, დისტრიბუციის და სხვა ცნობები
გამოცემის, წარმოების, დისტრიბუციის... ადგილი თბილისი :
გამოცემის, წარმოების, დისტრიბუციის... სახელწოდება საბჭ. საქართველო,
გამოცემის, წარმოების, დისტრიბუციის... თარიღი 1976.
300 ## - ფიზიკური აღწერა
Extent 267 გვ. ;
Dimensions 16 სმ.
653 ## - INDEX TERM--UNCONTROLLED
Uncontrolled term დიდი ზამთარი.
653 ## - INDEX TERM--UNCONTROLLED
Uncontrolled term მოთხრობები.
700 ## - ADDED ENTRY--PERSONAL NAME
Personal name კანდელაკი, ნ.
Relator term რედაქტორი
9 (RLIN) 20677
700 ## - ADDED ENTRY--PERSONAL NAME
Personal name ჩხარტიშვილი, ო.
Relator term მხატვარი
9 (RLIN) 20678
942 ## - ADDED ENTRY ELEMENTS (KOHA)
Koha item type წიგნი
Source of classification or shelving scheme
ეგზემპლარები
ჩამოწერის სტატუსი დაკარგული ეგზემპლარის სტატუსი კლასიფიკაციის წყარო ან თაროზე გაწყობის სქემა დაზიანების სტატუსი არ გაიცემა მუდმივი მდებარეობა (დაცვის ადგილი) ამჟამინდელი ადგილსამყოფელი თაროზე განთავსების ადგილი შეძენის თარიღი ღირებულება, შესყიდვის ნორმალური ფასი სრული შენახვის შიფრი შტრიხკოდი ბოლო ოპერაციის თარიღი ეგზემპლარის მიმდევრობითი ნომერი (კეტერი?) ფასის ძალაში შესვლის თარიღი ეგზემპლარის სახეობა საჯარო შენიშვნა
          ბათუმის შოთა რუსთაველის სახელმწიფო უნივერსიტეტის მთავარი ბიბლიოთეკა ბათუმის შოთა რუსთაველის სახელმწიფო უნივერსიტეტის მთავარი ბიბლიოთეკა წიგნსაცავი 2018-12-17 0.66 821.353.1-32 დ-34 23309 2018-12-17 23309 2018-12-17 წიგნი 0.60 ₾.
          ბათუმის შოთა რუსთაველის სახელმწიფო უნივერსიტეტის მთავარი ბიბლიოთეკა ბათუმის შოთა რუსთაველის სახელმწიფო უნივერსიტეტის მთავარი ბიბლიოთეკა წიგნსაცავი 2018-12-17 0.66 821.353.1-32 დ-34 23310 2018-12-17 23310 2018-12-17 წიგნი 0.66 ₾.